A-Z of funding 2006-2007 (Record no. 77149)

MARC details
000 -LEADER
fixed length control field 00878cab a2200217 4500
001 - CONTROL NUMBER
control field ##L133675
008 - FIXED-LENGTH DATA ELEMENTS--GENERAL INFORMATION
fixed length control field 060601n2006 000 0 eng u
035 ## - SYSTEM CONTROL NUMBER
System control number (Sirsi) u133675
041 0# - LANGUAGE CODE
Language code of text/sound track or separate title eng
100 1# - MAIN ENTRY--PERSONAL NAME
Personal name Ross, Matt
245 00 - TITLE STATEMENT
Title A-Z of funding 2006-2007
Remainder of title plus the guide to attracting property investment
260 ## - PUBLICATION, DISTRIBUTION, ETC.
Date of publication, distribution, etc. 2006
490 #0 - SERIES STATEMENT
Series statement Regeneration and Renewal
Volume/sequential designation May 2006, 1-30(23)
520 ## - SUMMARY, ETC.
Summary, etc. This supplement lists possible funding options for regeneration projects in the United Kingdom as a whole, and separately in England, Scotland, Wales and Northern Ireland. Also contains a checklist to help regeneration organisations in their dealings with the property industry.
590 ## - LOCAL NOTE (RLIN)
Local note IKA060606
651 #4 - SUBJECT ADDED ENTRY--GEOGRAPHIC NAME
Geographic name United Kingdom
Chronological subdivision
690 ## - LOCAL SUBJECT ADDED ENTRY--TOPICAL TERM (OCLC, RLIN)
Topical term or geographic name as entry element PROPERTY-PROPERTY MANAGEMENT-REGENERATION
700 1# - ADDED ENTRY--PERSONAL NAME
Personal name Carpenter, Jamie
700 1# - ADDED ENTRY--PERSONAL NAME
Personal name Coxon, Alexandra
942 ## - ADDED ENTRY ELEMENTS (KOHA)
Suppress in OPAC 0
Holdings
Withdrawn status Lost status Source of classification or shelving scheme Damaged status Not for loan Home library Current library Shelving location Date acquired Total Checkouts Full call number Barcode Date last seen Copy number Price effective from Koha item type
    Dewey Decimal Classification     London London Journal article 01/06/2006   L133675 30071849 06/08/2019 1 06/08/2019 Journal article